The impact of multiskilling on UK's construction manpower (Record no. 80661)
[ view plain ]
| 000 -LEADER | |
|---|---|
| fixed length control field | 00999cab a22002175a 4500 |
| 001 - CONTROL NUMBER | |
| control field | L144950 |
| 008 - FIXED-LENGTH DATA ELEMENTS--GENERAL INFORMATION | |
| fixed length control field | 080826s2008 xxkdo f 000 0 eng d |
| 035 ## - SYSTEM CONTROL NUMBER | |
| System control number | (Sirsi) u144950 |
| 041 0# - LANGUAGE CODE | |
| Language code of text/sound track or separate title | eng |
| 100 1# - MAIN ENTRY--PERSONAL NAME | |
| Personal name | Ejohwomu, Obuks A. |
| 245 04 - TITLE STATEMENT | |
| Title | The impact of multiskilling on UK's construction manpower |
| 260 ## - PUBLICATION, DISTRIBUTION, ETC. | |
| Date of publication, distribution, etc. | 2008 |
| 490 ## - SERIES STATEMENT | |
| Series statement | Proceedings of the Institution of Civil Engineers |
| -- | Management, Procurement and Law |
| Volume/sequential designation | 161(MPL) February 2008, 25-30(6) |
| 520 ## - SUMMARY, ETC. | |
| Summary, etc. | Shows that the UK suffers from a shortage of skilled manpower on the construction and building services market. To remedy the situation, construction workers develop skills needed over several trades. Presents and analyses data. Concludes that developing several skills is beneficial to the UK as long as the appropriate combination of skills is used. |
| 590 ## - LOCAL NOTE (RLIN) | |
| Local note | KA |
| 651 #4 - SUBJECT ADDED ENTRY--GEOGRAPHIC NAME | |
| Geographic name | United Kingdom |
| Chronological subdivision | |
| 690 ## - LOCAL SUBJECT ADDED ENTRY--TOPICAL TERM (OCLC, RLIN) | |
| Topical term or geographic name as entry element | BUILT ENVIRONMENT-BUILDING TRADES |
| 700 1# - ADDED ENTRY--PERSONAL NAME | |
| Personal name | Proverbs, David G. |
| 700 1# - ADDED ENTRY--PERSONAL NAME | |
| Personal name | Olomolaiye, Paul |
| 942 ## - ADDED ENTRY ELEMENTS (KOHA) | |
| Suppress in OPAC | 0 |
| Withdrawn status | Lost status | Source of classification or shelving scheme | Damaged status | Not for loan | Home library | Current library | Shelving location | Date acquired | Total Checkouts | Full call number | Barcode | Date last seen | Copy number | Price effective from | Koha item type |
|---|---|---|---|---|---|---|---|---|---|---|---|---|---|---|---|
| Dewey Decimal Classification | London | London | Journal article | 26/08/2008 | L144950 | 144950-1001 | 06/08/2019 | 1 | 06/08/2019 | Journal article |